000 01070 a2200229 4500
005 20080904142850.0
008 080904t xxu||||| |||| 00| 0 hin d
010 _aHIN-79039
020 _c50.00
_a819025345x
035 _aHN-51386
037 _bD.B.Act / pub
082 _a230.35
100 _aसप्रे, ना.वि.
245 _aसमर्थ रामदास
_cना.वि.सप्रे
246 _aSamarth Ramdas
_bby N.V.Sapra
260 _aवाराणसी
_bअनुराग प्रकाशन
_c2005
270 _aविशालाक्षी भवन,चौक
_bवाराणसी
_k(0542)2421472
_e221001
_mvvp@vsnl.com
270 _msales@vvbooks.com
300 _a66पृ
_c18 सेमी (अजिल्द)
942 _adpl
_cHN
_k230.35 / सप्रेना
_2ddc
_h230.35
_m सप्रेना
999 _c1153
_d1153